Finite mathematics for business, economics, life sciences, and social sciences
Saved in:
| Main Authors: | , , |
|---|---|
| Format: | Book |
| Language: | English |
| Published: |
Boston
Pearson
2015
|
| Edition: | 13th edition, Global edition |
| Subjects: | |
| Tags: |
Add Tag
No Tags, Be the first to tag this record!
|
| Call Number : | QA 39.3 .B37 2015 |
MARC
| LEADER | 00000nam a2200000 c 4500 | ||
|---|---|---|---|
| 001 | 54344 | ||
| 003 | MY-KLNDU | ||
| 005 | 20241219014717.0 | ||
| 008 | 221104 20152015 a bi 001 0 eng d | ||
| 020 | |a 9781292062297 | ||
| 020 | |a 1292062290 | ||
| 039 | 9 | |a 202211041236 |b VLOAD |c 202008281141 |d helmey |c 202008281117 |d helmey |y 201904091051 |z helmey | |
| 090 | |a QA 39.3 |b .B37 2015 | ||
| 100 | 1 | |a Barnett, Raymond A. |e author. | |
| 245 | 1 | 0 | |a Finite mathematics for business, economics, life sciences, and social sciences |c Raymond A. Barnett, Merritt College, Michael R. Ziegler, Marquette University, Karl E. Byleen, Marquette University. |
| 250 | |a 13th edition, Global edition | ||
| 264 | 1 | |a Boston |b Pearson |c 2015 | |
| 264 | 4 | |a ©2015 | |
| 300 | |a 649 pages (various pagings) |b illustrations (some color). |c 28 cm | ||
| 336 | |a text |2 rdacontent | ||
| 337 | |a unmediated |2 rdamedia | ||
| 338 | |a volume |2 rdacarrier | ||
| 504 | |a Includes bibliographical references and index. | ||
| 592 | |a 00103/HL/2019 (752) |b 4/12/2019 |c RM 232.75 |h Han Lin Books | ||
| 650 | 0 | |a Mathematics. | |
| 650 | 0 | |a Social sciences |x Mathematics. | |
| 650 | 0 | |a Biomathematics. | |
| 700 | 1 | |a Ziegler, Michael R. |e author. | |
| 700 | 1 | |a Byleen, Karl E. |e author. | |
| 999 | |a vtls000063489 |c 54344 |d 54344 | ||


